Educación y economía: Jornadas Adriano Olivetti de Educación
Guardat en:
| Autors principals: | , , , , , , |
|---|---|
| Format: | Llibre |
| Idioma: | espanyol |
| Publicat: |
Buenos Aires
Culturales Olivetti
1971
|
| Matèries: | |
| Etiquetes: |
Afegir etiqueta
Sense etiquetes, Sigues el primer a etiquetar aquest registre!
|
MARC
| LEADER | 00000nam a2200000 a 4500 | ||
|---|---|---|---|
| 001 | UCU1103 | ||
| 003 | CL-VaPUC | ||
| 005 | 20230703121543.0 | ||
| 008 | 960329e19710000ag 1 spa d | ||
| 082 | 0 | 4 | |a 379.11 |b BOW |2 21 |
| 100 | 1 | |a Bowman, Mary Jean |e author |9 617588 | |
| 700 | 1 | |a Vaizey, John |e author |9 617589 | |
| 700 | 1 | |a Davis, Rusell C |e author |9 617590 | |
| 700 | 1 | |a Emmerij, Louis |e author |9 617591 | |
| 700 | 1 | |a Bousquet, Jacques |e author |9 617592 | |
| 700 | 1 | |a Serrano, Basilio |e author |9 617593 | |
| 700 | 1 | |a Brignone, Carlos S |e author |9 617594 | |
| 245 | 1 | 0 | |a Educación y economía: Jornadas Adriano Olivetti de Educación |
| 260 | |a Buenos Aires |b Culturales Olivetti |c 1971 | ||
| 300 | |a 190 p | ||
| 583 | |a last modification |c 19960329 00:00:00 |k Rodrigo Vera | ||
| 650 | 0 | 0 | |a Economía de la educación |9 338885 |
| 650 | 0 | 7 | |a FINANZAS DE LA EDUCACION |2 CL-VaPUC |9 338801 |
| 650 | 0 | 0 | |a Administración de la enseñanza |9 261034 |
| 650 | 0 | 0 | |a Desarrollo económico y social |9 256320 |
| 942 | |c BK | ||
| 945 | |a lriquelm |d 19960329 00:00:00 | ||
| 546 | |a En Español | ||
| 536 | |a Olivetti | ||
| 518 | |p Jornadas Adriano Olivetti de Educación, Buenos Aires, 3 al 8 de Agosto de 1970 | ||
| 999 | |c 382548 |d 382546 | ||
| 952 | |0 0 |1 0 |4 0 |6 379_110000000000000_BOW_1971 |7 0 |8 P |9 504300 |a BIBEDU |b BIBEDU |c BIBEDU_PB |d 2020-01-23 |i 2008785 |o 379.11 BOW 1971 |p 2008785 |r 2024-01-25 |w 2020-01-23 |y BK |k EDU | ||